Pocket guide to Japan 1925. (Record no. 5801)

MARC details
000 -CABECERA
campo de control de longitud fija 00582nam a2200193 a 4500
001 - NÚMERO DE CONTROL
campo de control BRCA_6114
005 - FECHA Y HORA DE LA ÚLTIMA TRANSACCIÓN
campo de control 20190320205335.0
008 - DATOS DE LONGITUD FIJA--INFORMACIÓN GENERAL
campo de control de longitud fija 300611s1925----ja-a######---#000-0#eng-#
041 ## - CÓDIGO DE LENGUA
Código de lengua del texto/banda sonora o título independiente eng
044 ## - CÓDIGO DEL PAÍS DE LA ENTIDAD EDITORA/PRODUCTORA
Código MARC del país ja
050 #4 - SIGNATURA TOPOGRÁFICA DE LA BIBLIOTECA DEL CONGRESO
Número de clasificación DS810
Número de documento/Ítem .P63
245 10 - MENCIÓN DE TÍTULO
Título Pocket guide to Japan 1925.
260 ## - PUBLICACIÓN, DISTRIBUCIÓN, ETC.
Lugar de publicación, distribución, etc. Tokyo
Nombre del editor, distribuidor, etc. Japanese Government Railways: Japan Tourist Bureau: Japan Hotel Association
Fecha de publicación, distribución, etc. 1925
300 ## - DESCRIPCIÓN FÍSICA
Extensión iv., 132 p.
Otras características físicas il. (algunas a color), fotos , mapas
Dimensiones 19 cm.
500 ## - NOTA GENERAL
Nota general K17
650 14 - PUNTO DE ACCESO ADICIONAL DE MATERIA--TÉRMINO DE MATERIA
Término de materia o nombre geográfico como elemento de entrada Japón
Término indicativo de función/relación Descripción y viajes
Subdivisión de forma Guía de viajeros
9 (RLIN) 15443
902 ## - CATALOGADOR
Iniciales GFM
942 ## - ELEMENTOS DE PUNTO DE ACCESO ADICIONAL (KOHA)
Fuente del sistema de clasificación o colocación Library of Congress Classification
Tipo de ítem Koha Libros
Holdings
Estado de retiro Estado de pérdida Estado dañado No para préstamo Localización permanente Ubicación/localización actual Fecha de adquisición Número de inventario Total de préstamos Signatura topográfica completa Código de barras Fecha visto por última vez Precio válido a partir de Tipo de ítem Koha
El ejemplar forma parte de la colección y puede ser consultado según las políticas vigentes.       Biblioteca del Museo Franz Mayer (Rogerio Casas-Alatriste) Biblioteca del Museo Franz Mayer (Rogerio Casas-Alatriste) 30/06/2011 K17   DS810 .P63 (K17) 6553 22/03/2019 22/03/2019 Libros